000 00810aam a2200301 i 4500
001 768714001
003 CO-MdFUSB
005 20250520173457.0
007 ta
008 250520t1989 -us||||| |||| 00| 0 eng d
020 _a0-310-36181-8
040 _cCO-MdFUSB
041 0 _aeng
082 0 4 _223
_a248.4
_bD853b
100 1 _aDuewel, Wesley L.
_eautor
245 1 0 _aAblaze for God
_c/ Wesley L. Duewel
264 1 _bFrancis Asbury Press,
_aGrand Rapids, MI., USA :
_c[1989]
264 4 _c©1989
300 _a327 Ppáginas
336 _atexto
_btxt
_2rdacontent
337 _2rdamedia
_asin mediación
_bn
338 _2rdacarrier
_avolumen
_bnc
563 _aRústico
650 1 7 _aLiderazgo cristiano
_2embne
_97271
650 1 0 _aEspíritu Santo
_950
942 _cBK
945 _aElías Tolentino
999 _c38406
_d38406